Counselling for grief and bereavement / (Record no. 128923)

MARC details
000 -LEADER
fixed length control field 01033cam a2200313 a 4500
003 - CONTROL NUMBER IDENTIFIER
control field OSt
005 - DATE AND TIME OF LATEST TRANSACTION
control field 20240510111214.0
008 - FIXED-LENGTH DATA ELEMENTS--GENERAL INFORMATION
fixed length control field
020 ## - INTERNATIONAL STANDARD BOOK NUMBER
International Standard Book Number 0803984049 (paperback)
040 ## - CATALOGING SOURCE
Transcribing agency NUST
Original cataloging agency NUST
Language of cataloging eng
Modifying agency NUST
Description conventions rda
050 ## - LIBRARY OF CONGRESS CALL NUMBER
Classification number BF 575.G7HUM
100 1# - MAIN ENTRY--PERSONAL NAME
Personal name Humphrey, Geraldine M.
Relator term Author
245 10 - TITLE STATEMENT
Title Counselling for grief and bereavement /
Statement of responsibility, etc. Geraldine M. Humphrey and David G. Zimpfer.
260 ## - PUBLICATION, DISTRIBUTION, ETC.
Place of publication, distribution, etc. London :
Name of publisher, distributor, etc. Sage Publications,
Date of publication, distribution, etc. 1996.
300 ## - PHYSICAL DESCRIPTION
Extent vii, 194 pages ;
Dimensions 22 cm.
336 ## - CONTENT TYPE
Source rdacontent
Content type term text
Content type code txt
337 ## - MEDIA TYPE
Source rdamedia
Media type term unmediated
Media type code n
338 ## - CARRIER TYPE
Source rdacarrier
Carrier type term volume
Carrier type code nc
440 #0 - SERIES STATEMENT/ADDED ENTRY--TITLE
Title Counselling in practice
504 ## - BIBLIOGRAPHY, ETC. NOTE
Bibliography, etc. note Includes bibliographical references.
650 #0 - SUBJECT ADDED ENTRY--TOPICAL TERM
Topical term or geographic name entry element Bereavement
General subdivision Psychological aspects.
650 #0 - SUBJECT ADDED ENTRY--TOPICAL TERM
Topical term or geographic name entry element Grief.
650 #0 - SUBJECT ADDED ENTRY--TOPICAL TERM
Topical term or geographic name entry element Loss (Psychology)
650 #0 - SUBJECT ADDED ENTRY--TOPICAL TERM
Topical term or geographic name entry element Counseling.
650 #0 - SUBJECT ADDED ENTRY--TOPICAL TERM
Topical term or geographic name entry element Psychotherapy.
700 1# - ADDED ENTRY--PERSONAL NAME
Personal name Zimpfer, David G.
Relator term Author
907 ## - LOCAL DATA ELEMENT G, LDG (RLIN)
a .b10361248
b 08-09-15
c 08-09-15
942 ## - ADDED ENTRY ELEMENTS (KOHA)
Koha item type Ordinary Loan Books
Call number prefix BF575.G7
Call number suffix HUM
Source of classification or shelving scheme Library of Congress Classification
Classification part BF575.G7HUM
Suppress in OPAC No
Holdings
Withdrawn status Lost status Source of classification or shelving scheme Damaged status Not for loan Collection Home library Current library Shelving location Date acquired Cost, normal purchase price Total Checkouts Full call number Barcode Date last seen Cost, replacement price Price effective from Koha item type
    LCC     NFIC MAIN MAIN GEN 01/23/2023 80.00   BF575.G7 HUM 92004039319 01/23/2023 80.00 01/23/2023 BOOKS